| 000 | 00647cam a2200169 a 4500 | ||
|---|---|---|---|
| 001 | 14958181 | ||
| 005 | 20240220060117.0 | ||
| 008 | 070809s2007 np b 100 0 eng | ||
| 040 |
_aDLC _cDLC |
||
| 082 |
_222 _a320.9. _bSOU. |
||
| 245 | 1 | 0 |
_aSouth Asian peoples development agenda : _bthematic commissions report : South Asian Peoples Summit, 2005 / _cedited by Anand Aditya and Prakash Shrestha. |
| 260 |
_aLalitpur : _bSouth Asia Partnership International ; _aNew Delhi : _bSouth Asian Network for Social & Agricultural Development, _c2005, |
||
| 300 | _a350 p. ; | ||
| 700 | 1 |
_aAditya, Anand. _eedt |
|
| 700 | 1 |
_aShrestha, Prakash. _eedt |
|
| 942 | _cL | ||
| 999 |
_c438 _d438 |
||